000 01084nam0a22002531 4500
001 rc\570782
005 20260407143031.0
035 _a(NLR Aleph) 005819441
090 _a5463752
_c5463752
100 _a20031121d1988 |||y0rusy50 ca
101 0 _arus
102 _aRU
105 _ay |||||||||
200 1 _aПути повышения эффективности селекционно-племенной работы в свиноводстве
_e(Сб. науч.-произв. ст.)
_fРосплемобъединение. Воронеж. НИИ плем. дела
_g[Науч. ред. Б.Т. Малышев]
210 _aМ.
_cВНИИплем
_d1988
215 _a174, [1] с.
_d22
702 1 _aМалышев
_bБ.Т.
_gБорис Трофимович
_4340
712 0 2 _4570
_aВсероссийский НИИ племенного дела
_cпос. Лесные Поляны, Московская обл.
_3RU\NLR\AUTH\8810014565
_9527027
801 0 _aRU
_bNLR
_gpsbo
801 1 _aRU
_bELAR
_2rusmarc
852 _aNLR
_j88-5/5714
942 _cBOOK
980 _aNB